Spell the Marvel Character #331 - Statistics

General Stats
  • This quiz has been taken 12 times
  • The average score is 8 of 9
Answer Stats
Picture Answer % Correct
Invisible Woman
100%
Iron Man
100%
Mantis
100%
Scarlet Witch
100%
Thing
100%
Elektra
91%
Polaris
91%
Timeslip
82%
Lockheed
73%
No matching quizzes found
Score Distribution
Percent of People with Each Score
Percentile by Number Answered
Your Score History
You have not taken this quiz